00471cam a22001334a 4500020002600000082001500026100002200041245004700063260003500110300003700145650001900182856006800201856006800269 a0072987561 (acidfree)00a621.38 NEA1 aNeamen, Donald A.13aAn introduction to Semiconductor devices / aBoston :bMcGraw-Hill,cc2006. axx, 678 p. :bill. (some col.) ; 0aSemiconductors42uhttp://www.loc.gov/catdir/enhancements/fy0618/2004060960-d.html41uhttp://www.loc.gov/catdir/enhancements/fy0618/2004060960-t.html